=LDR 00000nam 2200000 4500 =001 INLIS000000000024070 =005 20130612122659 =008 ***********************************Ind** =035 ##$$0010-061300000024070 =041 ##$$a Ind =082 ##$$a 621.381 =090 ##$$a 621.381, Rus m =100 ##$$a Rusmadi, Dedy =245 ##$$a Aneka rangkaian populer, Dedy Rusmadi =260 ##$$a 1995 $b Bandung =300 ##$$a 148 hlm, ilus, 15 cm =650 ##$$a Otomotif =850 ##$$a NBPNMAT